| 000 | 00818nam a2200241 a 4500 | ||
|---|---|---|---|
| 005 | 20220812063905.0 | ||
| 008 | 991125s1974 es 000 0 spa u | ||
| 020 | _a843440723X | ||
| 035 | _aUPN01000005129 | ||
| 049 | _aCG | ||
| 050 | 4 |
_aLB1027 _bK6.2801 1974 |
|
| 100 | 1 | _aKohl, Herbert R. | |
| 245 | 1 | 0 |
_aAutoritarismo y libertad en la enseñanza / _cHerbert R. Kohl ; tr. Julia Sicart. |
| 250 | _a2a ed. | ||
| 260 |
_aBarcelona, Esp. : _bAriel, _c1974. |
||
| 300 | _a145 p. | ||
| 440 | 0 |
_aAriel quincenal ; _v73 |
|
| 500 | _aTítulo de la cubierta: La institución escolar y la práctica educativa : lectura no. 8-A | ||
| 500 | _aA la cabeza de la cubierta: Universidad Pedagógica Nacional. Area de Docencia. Maestría | ||
| 500 | _aFotocopia | ||
| 650 | 4 |
_aInnovaciones educativas _9386 |
|
| 905 | _aLibro | ||
| 999 |
_c5129 _d5129 |
||